[Event "3rd Tournament of Peace"]
[Site "Rovinj/Zagreb YUG"]
[Date "1975.05.01"]
[Round "1"]
[White "Planinc, Albin"]
[Black "Nikolac, Juraj"]
[Result "0-1"]
[WhiteElo "2535"]
[BlackElo "2470"]
[EventDate "1975.05.01"]
[PlyCount "52"]

1.e4 c6 2.Nc3 d5 3.Nf3 Bg4 4.h3 Bh5 5.d4 e6 6.g4 Bg6 7.Ne5 Nd7 8.Nxg6 hxg6
9.Bg2 dxe4 10.O-O Qc7 11.Nxe4 Ngf6 12.Ng3 Nb6 13.b3 O-O-O 14.c4 Bc5 15.Be3
Bxd4 16.Bxd4 c5 17.Ne2 cxd4 18.c5 Nbd5 19.Qxd4 g5 20.Qa4 Kb8 21.Rfc1 Nf4 
22.Nxf4 gxf4 23.b4 f3 24.Bxf3 Rxh3 25.Bg2 Nxg4 26.b5 Rh1+ 0-1

[Event "3rd Tournament of Peace"]
[Site "Rovinj/Zagreb YUG"]
[Date "1975.05.01"]
[Round "1"]
[White "Tringov, Georgi"]
[Black "Kovacevic, Vlatko"]
[Result "0-1"]
[WhiteElo "2470"]
[BlackElo "2465"]
[EventDate "1975.05.01"]
[PlyCount "82"]

1.e4 e6 2.d4 d5 3.Nc3 Bb4 4.e5 b6 5.Qg4 Bf8 6.Bg5 Ne7 7.f4 Ba6 8.Bxa6 Nxa6
9.Nge2 Nb4 10.O-O-O Nbc6 11.Qh3 h6 12.g4 Rg8 13.Bh4 Qd7 14.Rhf1 O-O-O 15.
Ng3 Re8 16.Nh5 Na5 17.f5 Nec6 18.Qd3 Nb4 19.Qe2 Nc4 20.Rf3 Kb8 21.Rdf1 Qc8
22.fxe6 fxe6 23.a3 Nc6 24.Qd3 Qa6 25.Kb1 Bxa3 26.bxa3 Qxa3 27.Nd1 Qb4+ 28.
Kc1 Qa5 29.c3 Qa3+ 30.Kb1 N6a5 31.R3f2 Nb3 32.Rb2 Rgf8 33.Nf6 gxf6 34.exf6
e5 35.f7 Re6 36.dxe5 Rxe5 37.Bg3 Qa1+ 38.Kc2 Nc5 39.Qf3 Rxf7 40.Qg2 Rxf1 
41.Qxf1 Na3+ 0-1

[Event "3rd Tournament of Peace"]
[Site "Rovinj/Zagreb YUG"]
[Date "1975.05.01"]
[Round "1"]
[White "Tseshkovsky, Vitaly"]
[Black "Marovic, Drazen"]
[Result "1-0"]
[WhiteElo "2555"]
[BlackElo "2490"]
[EventDate "1975.05.01"]
[PlyCount "113"]

1.e4 c6 2.d4 d5 3.Nc3 dxe4 4.Nxe4 Nd7 5.Bc4 Ngf6 6.Ng5 e6 7.Qe2 Nb6 8.Bd3 
h6 9.N5f3 c5 10.dxc5 Nbd7 11.Be3 Nd5 12.Bd2 Bxc5 13.O-O-O Qc7 14.Nh3 Be7 
15.Rhe1 a6 16.Nd4 N7b6 17.Kb1 Bf6 18.Nb3 a5 19.Bb5+ Bd7 20.Bxd7+ Nxd7 21.
c4 a4 22.Nd4 Bxd4 23.cxd5 Qb6 24.Be3 Bxe3 25.dxe6 O-O 26.Qxe3 Nc5 27.Rd5 
a3 28.b3 Rfc8 29.Nf4 fxe6 30.Nxe6 Qxe6 31.Qxe6+ Nxe6 32.Rxe6 Rc7 33.Re1 
Rac8 34.Rde5 Kf7 35.Ra5 Rc2 36.Rf1 Rb2+ 37.Ka1 Rcc2 38.Rxa3 Rxf2 39.Rxf2+ 
Rxf2 40.Ra7 Rxg2 41.Rxb7+ Ke6 42.a4 Rxh2 43.a5 Kd6 44.a6 Rh1+ 45.Kb2 Rh2+ 
46.Ka3 Rh1 47.Kb4 Kc6 48.Rxg7 Kb6 49.Rg6+ Ka7 50.Ka4 h5 51.b4 h4 52.Ka5 
Ra1+ 53.Kb5 Rf1 54.Rg7+ Ka8 55.Rh7 h3 56.Rxh3 Rf5+ 57.Kb6 1-0

[Event "3rd Tournament of Peace"]
[Site "Rovinj/Zagreb YUG"]
[Date "1975.05.02"]
[Round "2"]
[White "Keene, Raymond Dennis"]
[Black "Hulak, Krunoslav"]
[Result "1/2-1/2"]
[WhiteElo "2505"]
[BlackElo "2475"]
[EventDate "1975.05.01"]
[PlyCount "66"]

1.Nf3 Nf6 2.g3 g6 3.b3 Bg7 4.Bb2 O-O 5.Bg2 d6 6.d4 Nc6 7.d5 Nb4 8.c4 c5 9.
Nc3 Bf5 10.O-O Qd7 11.Qd2 Rab8 12.Nh4 Bh3 13.e4 e5 14.dxe6 Qxe6 15.Rae1 
Nc6 16.Nd5 Bxg2 17.Nxg2 Nh5 18.Bxg7 Kxg7 19.f4 Qh3 20.f5 Ne5 21.Ngf4 Qg4 
22.Nxh5+ Qxh5 23.Kg2 Rbd8 24.Nf4 Qh6 25.Ne6+ fxe6 26.f6+ Rxf6 27.Qxh6+ 
Kxh6 28.Rxf6 Kg7 29.Ref1 Re8 30.h3 h5 31.R6f2 Rd8 32.Rf6 Re8 33.R6f2 Rd8 
1/2-1/2

[Event "3rd Tournament of Peace"]
[Site "Rovinj/Zagreb YUG"]
[Date "1975.05.02"]
[Round "2"]
[White "Kovacevic, Vlatko"]
[Black "Kuzmin, Gennady"]
[Result "0-1"]
[WhiteElo "2465"]
[BlackElo "2600"]
[EventDate "1975.05.01"]
[PlyCount "122"]

1.d4 Nf6 2.Nf3 e6 3.g3 b6 4.Bg2 Bb7 5.O-O Be7 6.c4 O-O 7.Nc3 Ne4 8.Nxe4 
Bxe4 9.Ne1 Bxg2 10.Nxg2 d5 11.Qa4 Qd7 12.Qxd7 Nxd7 13.cxd5 exd5 14.Rd1 
Rfe8 15.Bf4 Rac8 16.Rac1 c6 17.Rc2 Nf8 18.g4 Ne6 19.e3 Red8 20.Rcd2 a5 21.
h3 f6 22.Kf1 Kf7 23.Ke2 a4 24.Rd3 c5 25.dxc5 bxc5 26.b3 axb3 27.axb3 Ra8 
28.Bg3 g5 29.Ne1 Ra7 30.Nf3 Ra2+ 31.R1d2 Rxd2+ 32.Nxd2 Ke8 33.Bh2 Rd7 34.
Bg3 Nd8 35.e4 d4 36.Nc4 Nc6 37.h4 gxh4 38.Bh2 Ra7 39.f4 Nb4 40.Rd2 Ra1 41.
f5 Rc1 42.Rb2 Bf8 43.e5 fxe5 44.Bxe5 Bh6 45.Bd6 h3 46.Kf3 d3 47.Rh2 d2 48.
Nxd2 Rc3+ 49.Ke2 Bxd2 50.Kxd2 Rd3+ 51.Ke2 Rxd6 52.Rxh3 h6 53.Rc3 Rc6 54.
Kf3 Kf7 55.Ke4 Ke7 56.Ke5 Rd6 57.Rc4 Nc6+ 58.Ke4 Rd4+ 59.Rxd4 cxd4 60.b4 
Nxb4 61.Kxd4 Kf6 0-1

[Event "3rd Tournament of Peace"]
[Site "Rovinj/Zagreb YUG"]
[Date "1975.05.02"]
[Round "2"]
[White "Marovic, Drazen"]
[Black "Ljubojevic, Ljubomir"]
[Result "1-0"]
[WhiteElo "2490"]
[BlackElo "2615"]
[EventDate "1975.05.01"]
[PlyCount "101"]

1.d4 Nf6 2.c4 e6 3.Nc3 c5 4.d5 exd5 5.cxd5 g6 6.Nf3 Bg7 7.g3 O-O 8.Bg2 d6 
9.O-O a6 10.a4 Nbd7 11.Nd2 Re8 12.h3 Rb8 13.Nc4 Nb6 14.Ne3 Bd7 15.Bd2 Re7 
16.Qc2 Qe8 17.Rfe1 Rd8 18.a5 Nc8 19.Nc4 Bb5 20.b3 Qd7 21.e4 Rde8 22.Rad1 
Qd8 23.Na4 Nd7 24.Bc3 Bxc3 25.Qxc3 h5 26.f4 Kh7 27.Nab2 f6 28.Nd3 Rg7 29.
Kh2 Bxc4 30.bxc4 Ne7 31.Rb1 Qc7 32.h4 Ng8 33.Bh3 Rge7 34.Nf2 Nf8 35.Rb6 
Nd7 36.Bxd7 Rxd7 37.e5 dxe5 38.fxe5 fxe5 39.Ne4 Kg7 40.Ng5 Nf6 41.Ne6+ 
Rxe6 42.Rxe6 Ng4+ 43.Kg1 Rf7 44.d6 Qc6 45.R1xe5 Nxe5 46.Qxe5+ Kh7 47.Re8 
Rg7 48.Re7 Rxe7 49.Qxe7+ Kh6 50.d7 Qc7 51.Qg5+ 1-0

[Event "3rd Tournament of Peace"]
[Site "Rovinj/Zagreb YUG"]
[Date "1975.05.02"]
[Round "2"]
[White "Nikolac, Juraj"]
[Black "Tringov, Georgi"]
[Result "1/2-1/2"]
[WhiteElo "2470"]
[BlackElo "2470"]
[EventDate "1975.05.01"]
[PlyCount "82"]

1.Nf3 g6 2.d4 Bg7 3.g3 Nf6 4.Bg2 O-O 5.O-O d6 6.Nc3 Nbd7 7.e4 e5 8.b3 c6 
9.a4 exd4 10.Nxd4 Re8 11.Ba3 Nc5 12.Re1 Nfd7 13.Re3 a5 14.Qd2 h5 15.Rf1 h4
16.Nce2 hxg3 17.Nxg3 Qh4 18.f4 Nf6 19.Nge2 Ng4 20.Rh3 Qe7 21.Rg3 Nf6 22.
Bxc5 dxc5 23.f5 Nh5 24.fxg6 Nxg3 25.gxf7+ Qxf7 26.Rxf7 Nxe2+ 27.Nxe2 Kxf7 
28.Qg5 Re5 29.Qd8 Bf6 30.Qc7+ Re7 31.Qf4 Bd7 32.Ng3 Re5 33.Bf3 Rh8 34.Bg4 
Bxg4 35.Qxg4 Rg8 36.Qd7+ Re7 37.Qd3 Be5 38.Qc4+ Kf8 39.Qxc5 Bxg3 40.hxg3 
Rxg3+ 41.Kf2 Rg4 1/2-1/2

[Event "3rd Tournament of Peace"]
[Site "Rovinj/Zagreb YUG"]
[Date "1975.05.03"]
[Round "3"]
[White "Hulak, Krunoslav"]
[Black "Marovic, Drazen"]
[Result "1/2-1/2"]
[WhiteElo "2475"]
[BlackElo "2490"]
[EventDate "1975.05.01"]
[PlyCount "25"]

1.e4 c6 2.d4 d5 3.Nc3 dxe4 4.Nxe4 Nd7 5.Nf3 Ngf6 6.Nxf6+ Nxf6 7.h3 Bf5 8.
Bd3 Bg6 9.O-O e6 10.c3 Bd6 11.Bg5 Qc7 12.Re1 Bh5 13.Be2 1/2-1/2

[Event "3rd Tournament of Peace"]
[Site "Rovinj/Zagreb YUG"]
[Date "1975.05.03"]
[Round "3"]
[White "Kuzmin, Gennady"]
[Black "Nikolac, Juraj"]
[Result "0-1"]
[WhiteElo "2600"]
[BlackElo "2470"]
[EventDate "1975.05.01"]
[PlyCount "134"]

1.e4 e5 2.Nf3 Nc6 3.Bb5 a6 4.Ba4 Nf6 5.O-O Be7 6.Re1 b5 7.Bb3 d6 8.a4 b4 
9.a5 O-O 10.d3 Be6 11.Nbd2 Rb8 12.Bc4 Nd7 13.Bd5 Nd4 14.Nxd4 exd4 15.Bxe6 
fxe6 16.Qg4 Rf6 17.f4 Rb5 18.Qe2 Rf7 19.Kh1 c5 20.Qg4 Rf6 21.Nc4 b3 22.
cxb3 Rxb3 23.e5 dxe5 24.fxe5 Rf5 25.Qe4 Qc7 26.Bd2 Qb7 27.Qe2 Qc6 28.Rf1 
Rxf1+ 29.Rxf1 Rb8 30.h4 Rf8 31.Rxf8+ Nxf8 32.Qg4 Qe8 33.h5 Qf7 34.Kg1 g6 
35.Nb6 Qf5 36.Qe2 gxh5 37.Nc8 Ng6 38.Qf3 Qxf3 39.gxf3 Kf7 40.f4 Nh4 41.Kf2
Ke8 42.Nb6 Kd8 43.Nc4 Kd7 44.Na3 Kc6 45.b3 Kd5 46.Nc2 Nf5 47.Kf3 Kc6 48.
Ne1 Bd8 49.Nc2 Bh4 50.Kg2 Bg3 51.Kf3 h4 52.Kg2 Ng7 53.b4 Nf5 54.bxc5 Kxc5 
55.Na1 Kb5 56.Nb3 Kc6 57.Nc1 Kc5 58.Nb3+ Kd5 59.Bc1 Be1 60.Ba3 Ng3 61.Be7 
Ne2 62.Bg5 Bg3 63.f5 exf5 64.e6 Kxe6 65.Nc5+ Kd5 66.Nxa6 Bd6 67.Bd2 Nc3 
0-1

[Event "3rd Tournament of Peace"]
[Site "Rovinj/Zagreb YUG"]
[Date "1975.05.03"]
[Round "3"]
[White "Ljubojevic, Ljubomir"]
[Black "Minic, Dragoljub"]
[Result "0-1"]
[WhiteElo "2615"]
[BlackElo "2475"]
[EventDate "1975.05.01"]
[PlyCount "70"]

1.e4 c5 2.Nf3 d6 3.d4 cxd4 4.Nxd4 Nf6 5.Nc3 a6 6.Bg5 e6 7.f4 Qb6 8.Qd2 
Qxb2 9.Nb3 Nc6 10.Bxf6 gxf6 11.Be2 d5 12.Nd1 Qa3 13.exd5 exd5 14.O-O d4 
15.Re1 Be7 16.Bc4 O-O 17.c3 Rd8 18.Nf2 b5 19.Bd3 f5 20.Qc2 Qd6 21.Bxf5 
Bxf5 22.Qxf5 dxc3 23.Re3 Qf6 24.Qe4 Qe6 25.Qf3 Qd5 26.Qg3+ Kh8 27.Rxe7 
Nxe7 28.Qxc3+ Kg8 29.Ng4 Qc6 30.Nf6+ Kh8 31.Qb2 Ng8 32.Nh5+ f6 33.g4 Rac8 
34.g5 Qf3 35.gxf6 Rd1+ 0-1

[Event "3rd Tournament of Peace"]
[Site "Rovinj/Zagreb YUG"]
[Date "1975.05.03"]
[Round "3"]
[White "Matulovic, Milan"]
[Black "Kovacevic, Vlatko"]
[Result "0-1"]
[WhiteElo "2530"]
[BlackElo "2465"]
[EventDate "1975.05.01"]
[PlyCount "200"]

1.e4 Nf6 2.e5 Nd5 3.d4 d6 4.Nf3 Bg4 5.Be2 e6 6.c4 Nb6 7.exd6 cxd6 8.Nbd2 
Nc6 9.b3 Be7 10.Bb2 O-O 11.O-O Bf5 12.a3 a5 13.Re1 Bf6 14.Nf1 d5 15.c5 Nd7
16.Qd2 b6 17.b4 axb4 18.axb4 Qc7 19.Ne3 Be4 20.Ng4 Be7 21.Bc3 Rfd8 22.b5 
Rxa1 23.Rxa1 Bxf3 24.gxf3 Na7 25.c6 Nf8 26.Ra6 Nc8 27.Ra8 Bd6 28.h3 Qe7 
29.Qa2 h5 30.Ne3 Ng6 31.Qa6 Qg5+ 32.Kf1 Nge7 33.Qb7 Qh4 34.Kg2 Qf4 35.Kf1 
Qh2 36.Ke1 Qxh3 37.Qd7 Rf8 38.Kd2 Qh2 39.Ke1 Qf4 40.Kd2 Bb4 41.Kc2 Bxc3 
42.Kxc3 Qh2 43.Kd2 Qxf2 44.Qc7 Qh4 45.f4 Qh2 46.Ra1 g5 47.Qe5 gxf4 48.Nf1 
Qf2 49.Kc3 Nf5 50.Bd3 Ncd6 51.Nd2 Qe3 52.Qxe3 fxe3 53.Nf3 f6 54.Ra6 Nc8 
55.Ra1 Nfd6 56.Rh1 Kg7 57.Rxh5 Rh8 58.Rxh8 Kxh8 59.Nh4 Kg7 60.Ng2 Ne8 61.
Nxe3 Nc7 62.Nd1 Nd6 63.Kb4 e5 64.dxe5 fxe5 65.Nc3 e4 66.Be2 d4 67.Na4 Nd5+
68.Kb3 Kf6 69.Bc4 e3 70.Bf1 Ke5 71.Nb2 Nc8 72.Nc4+ Kf6 73.Nb2 Nd6 74.Kc2 
Ke7 75.Kd3 Nxb5 76.Kc4 Ndc3 77.Na4 Nd6+ 78.Kxd4 Nxa4 79.Kxe3 Kd8 80.Kd2 
Kc7 81.Bg2 Nc5 82.Kc3 Nce4+ 83.Kb4 Kxc6 84.Bf3 Kd5 85.Bg2 Kd4 86.Kb3 Kc5 
87.Bh3 b5 88.Be6 Nd2+ 89.Kc2 Nf3 90.Bg4 Nd4+ 91.Kb1 b4 92.Bd1 Kc4 93.Kb2 
Kd3 94.Ba4 Nc4+ 95.Kb1 Kc3 96.Bd1 Nd2+ 97.Kc1 N4b3+ 98.Bxb3 Nxb3+ 99.Kd1 
Kd3 100.Ke1 Nd4 0-1

[Event "3rd Tournament of Peace"]
[Site "Rovinj/Zagreb YUG"]
[Date "1975.05.03"]
[Round "3"]
[White "Planinc, Albin"]
[Black "Keene, Raymond Dennis"]
[Result "0-1"]
[WhiteElo "2535"]
[BlackElo "2505"]
[EventDate "1975.05.01"]
[PlyCount "70"]

1.e4 g6 2.d4 d6 3.Nf3 Bg7 4.Be2 Nf6 5.Nc3 O-O 6.O-O c6 7.h3 b5 8.e5 Ne8 9.
Bf4 Nd7 10.Qd2 Bb7 11.Rfd1 Nb6 12.Bh6 Qc7 13.h4 Rd8 14.e6 fxe6 15.h5 gxh5 
16.Bd3 Nc4 17.Qg5 Rf6 18.Bxg7 Nxg7 19.Ne4 Rg6 20.Qc1 Nf5 21.Ng3 c5 22.d5 
Nce3 23.Bxf5 Nxf5 24.Nxf5 exf5 25.Nh4 Rf6 26.Qg5+ Kh8 27.Nxf5 Rg8 28.Qxh5 
e6 29.Ne3 Qg7 30.Qh2 exd5 31.Nxd5 Rh6 32.Qg3 Rg6 33.Qf3 Rxg2+ 34.Kf1 Rg1+ 
35.Ke2 Re8+ 0-1

[Event "3rd Tournament of Peace"]
[Site "Rovinj/Zagreb YUG"]
[Date "1975.05.03"]
[Round "3"]
[White "Tringov, Georgi"]
[Black "Sax, Gyula"]
[Result "1/2-1/2"]
[WhiteElo "2470"]
[BlackElo "2510"]
[EventDate "1975.05.01"]
[PlyCount "84"]

1.e4 c5 2.Nf3 e6 3.d4 cxd4 4.Nxd4 Nf6 5.Nc3 d6 6.Be2 a6 7.O-O Be7 8.f4 Qc7
9.a4 Nc6 10.Nb3 b6 11.Be3 Bb7 12.Bf3 O-O 13.Qe2 Na5 14.Nxa5 bxa5 15.Rad1 
Rac8 16.Rd2 Qb8 17.Kh1 Ba8 18.Qxa6 Qxb2 19.Bd4 Rxc3 20.Rd3 Nxe4 21.Bxe4 
Bxe4 22.Rxc3 Qb4 23.Qc4 Qb7 24.Qe2 Qd5 25.Rd1 e5 26.Bxe5 Bxg2+ 27.Kg1 Qe6 
28.Kxg2 dxe5 29.fxe5 g6 30.Qe4 Rb8 31.Rc6 Qa2 32.Qc4 Qb2 33.Rf1 Rf8 34.e6 
f5 35.Rc7 Qf6 36.Rc8 Qg5+ 37.Kh1 Qe3 38.Rxf8+ Kxf8 39.Qd5 Qe2 40.Rb1 Qxc2 
41.Qa8+ Kg7 42.Qb7 Kh6 1/2-1/2

[Event "3rd Tournament of Peace"]
[Site "Rovinj/Zagreb YUG"]
[Date "1975.05.04"]
[Round "4"]
[White "Keene, Raymond Dennis"]
[Black "Marovic, Drazen"]
[Result "1/2-1/2"]
[WhiteElo "2505"]
[BlackElo "2490"]
[EventDate "1975.05.01"]
[PlyCount "22"]

1.Nf3 Nf6 2.g3 d5 3.Bg2 c6 4.O-O Bg4 5.b3 Nbd7 6.Bb2 e6 7.d3 Bc5 8.Nbd2 
O-O 9.c4 Qe7 10.Re1 Ba3 11.Bxa3 Qxa3 1/2-1/2

[Event "3rd Tournament of Peace"]
[Site "Rovinj/Zagreb YUG"]
[Date "1975.05.04"]
[Round "4"]
[White "Kovacevic, Vlatko"]
[Black "Tseshkovsky, Vitaly"]
[Result "1-0"]
[WhiteElo "2465"]
[BlackElo "2555"]
[EventDate "1975.05.01"]
[PlyCount "118"]

1.d4 Nf6 2.Nf3 g6 3.Bg5 Bg7 4.Nbd2 d6 5.c3 Nbd7 6.e4 h6 7.Be3 e5 8.dxe5 
dxe5 9.h3 Qe7 10.b4 O-O 11.Be2 b6 12.O-O a5 13.a3 Ba6 14.Bxa6 Rxa6 15.Qe2 
Rfa8 16.b5 R6a7 17.a4 Qe6 18.Rfd1 Re8 19.Qc4 Raa8 20.Qxe6 Rxe6 21.Nc4 Bf8 
22.Ne1 c6 23.f3 cxb5 24.axb5 Rc8 25.Ra4 Nc5 26.Bxc5 Rxc5 27.Rb1 Nd7 28.Nd3
Rc7 29.Kf2 Re8 30.Ke2 Rec8 31.Ndb2 f5 32.Rd1 fxe4 33.Rxd7 exf3+ 34.gxf3 
Rxd7 35.Nxb6 Rxc3 36.Nxd7 Rc2+ 37.Kd3 Rxb2 38.Rxa5 Kf7 39.Nxe5+ Ke6 40.Nc4
Rb1 41.b6 Bd6 42.Ra8 Bc5 43.Re8+ Kf7 44.Rc8 Bxb6 45.Rb8 Rd1+ 46.Ke2 Bc7 
47.Rb7 Rd7 48.Ne5+ Bxe5 49.Rxd7+ Ke6 50.Rh7 h5 51.Ke3 Bg3 52.Ke4 Kf6 53.
Ra7 Ke6 54.Ra6+ Kf7 55.Kd5 Bh2 56.Re6 Bg3 57.Rb6 Bh2 58.Kc6 Ke6 59.Rb4 Be5
1-0

[Event "3rd Tournament of Peace"]
[Site "Rovinj/Zagreb YUG"]
[Date "1975.05.04"]
[Round "4"]
[White "Minic, Dragoljub"]
[Black "Hulak, Krunoslav"]
[Result "0-1"]
[WhiteElo "2475"]
[BlackElo "2475"]
[EventDate "1975.05.01"]
[PlyCount "120"]

1.e4 c5 2.Nf3 e6 3.d3 Nc6 4.g3 d5 5.Nbd2 Nge7 6.Bg2 g6 7.O-O Bg7 8.Re1 O-O
9.c3 b6 10.e5 Qc7 11.Qe2 Ba6 12.Nf1 d4 13.c4 b5 14.b3 bxc4 15.bxc4 Rab8 
16.g4 Bb7 17.Ng3 Nc8 18.Bf4 Nb6 19.Ne4 Nd7 20.Nd6 Ba8 21.Bg3 Rb6 22.Rab1 
Rxb1 23.Rxb1 h6 24.h4 Rb8 25.Rxb8+ Qxb8 26.Kh2 Kf8 27.Kh3 Ke7 28.Kh2 Qh8 
29.a3 Ncxe5 30.Nxe5 Bxe5 31.Bxa8 Bxg3+ 32.fxg3 Kxd6 33.Bg2 Qe5 34.Qf3 Ke7 
35.Qb7 Qb8 36.Qc6 Qb6 37.Qe4 Qb3 38.Qf4 Qxd3 39.Qxh6 Qe2 40.Qg5+ Kd6 41.h5
gxh5 42.gxh5 Qe5 43.Qh4 Qf6 44.Qe4 Qg5 45.Qc6+ Ke7 46.Bf3 d3 47.Kg2 Qe3 
48.Qb7 d2 49.Bd1 Qe1 50.Qb1 f5 51.h6 Qe3 52.h7 Qh6 53.Qb2 Qxh7 54.Qxd2 Qg7
55.Bf3 Qd4 56.Qa5 Qb2+ 57.Kh3 Qb8 58.Qd2 Qh8+ 59.Kg2 Qd4 60.Qa5 Qxc4 0-1

[Event "3rd Tournament of Peace"]
[Site "Rovinj/Zagreb YUG"]
[Date "1975.05.04"]
[Round "4"]
[White "Planinc, Albin"]
[Black "Tringov, Georgi"]
[Result "1/2-1/2"]
[WhiteElo "2535"]
[BlackElo "2470"]
[EventDate "1975.05.01"]
[PlyCount "41"]

1.e4 c5 2.Nf3 e6 3.d4 cxd4 4.Nxd4 Nf6 5.Nc3 d6 6.g4 h6 7.Bg2 Nc6 8.Nxc6 
bxc6 9.e5 Nd5 10.exd6 Qxd6 11.Ne4 Qc7 12.O-O Ba6 13.Re1 Be7 14.c4 Nb4 15.
Qb3 Rd8 16.Be3 O-O 17.Rad1 Bc8 18.a3 Na6 19.f4 c5 20.Qc2 Rxd1 21.Rxd1 
1/2-1/2

[Event "3rd Tournament of Peace"]
[Site "Rovinj/Zagreb YUG"]
[Date "1975.05.06"]
[Round "5"]
[White "Ljubojevic, Ljubomir"]
[Black "Kovacevic, Vlatko"]
[Result "1-0"]
[WhiteElo "2615"]
[BlackElo "2465"]
[EventDate "1975.05.01"]
[PlyCount "103"]

1.e4 Nf6 2.e5 Nd5 3.d4 d6 4.Nf3 Bg4 5.Be2 e6 6.O-O Be7 7.h3 Bh5 8.c4 Nb6 
9.Nc3 O-O 10.Be3 d5 11.b3 Nc6 12.c5 Nd7 13.b4 a6 14.Qb3 f6 15.Nxd5 fxe5 
16.Nxe7+ Qxe7 17.dxe5 Bxf3 18.Bxf3 Rxf3 19.gxf3 Ndxe5 20.f4 Nf3+ 21.Kg2 
Nh4+ 22.Kh2 Rf8 23.Rad1 Kh8 24.f3 e5 25.Qc4 h6 26.Kh1 Rf5 27.fxe5 Nxe5 28.
Qe4 Rh5 29.f4 Nf5 30.Bf2 Nc6 31.Qf3 Qf7 32.a3 Nfe7 33.Rfe1 Nd5 34.Re4 Nce7
35.Qg4 c6 36.Rde1 Ng8 37.Bd4 Ngf6 38.Bxf6 Nxf6 39.Qc8+ Kh7 40.Re5 Qg6 41.
R5e3 Qf7 42.Rg1 Qd5+ 43.Rg2 Rh4 44.Qe6 Rxf4 45.Qe7 Nh5 46.Kh2 Rd4 47.Ree2 
Rd3 48.Re4 Qb3 49.Rh4 Ng3 50.Rg4 Qc3 51.R4xg3 Rxg3 52.Qe4+ 1-0

[Event "3rd Tournament of Peace"]
[Site "Rovinj/Zagreb YUG"]
[Date "1975.05.06"]
[Round "5"]
[White "Marovic, Drazen"]
[Black "Minic, Dragoljub"]
[Result "1-0"]
[WhiteElo "2490"]
[BlackElo "2475"]
[EventDate "1975.05.01"]
[PlyCount "55"]

1.Nf3 c5 2.c4 g6 3.d4 cxd4 4.Nxd4 Bg7 5.e4 Nc6 6.Be3 Nf6 7.Nc3 Ng4 8.Qxg4 
Nxd4 9.Qd1 Ne6 10.Qd2 b6 11.Be2 Bb7 12.O-O O-O 13.Rad1 d6 14.Bh6 Rc8 15.
Bxg7 Nxg7 16.Qh6 f5 17.Rd3 fxe4 18.Rh3 Rf6 19.Qxh7+ Kf7 20.Qh4 Nf5 21.Qg4 
Re6 22.Rh7+ Kg8 23.Qh3 Qc7 24.Bg4 Qc5 25.Bxf5 Qxf5 26.Rh8+ Kf7 27.Qh7+ Kf6
28.Rxc8 1-0

[Event "3rd Tournament of Peace"]
[Site "Rovinj/Zagreb YUG"]
[Date "1975.05.06"]
[Round "5"]
[White "Matulovic, Milan"]
[Black "Sax, Gyula"]
[Result "1/2-1/2"]
[WhiteElo "2530"]
[BlackElo "2510"]
[EventDate "1975.05.01"]
[PlyCount "67"]

1.e4 c5 2.Nf3 e6 3.d4 cxd4 4.Nxd4 Nf6 5.Nc3 d6 6.g4 h6 7.Rg1 Nc6 8.h4 h5 
9.g5 Ng4 10.Nb3 Qb6 11.Rg2 Bd7 12.Qe2 a5 13.f3 a4 14.fxg4 axb3 15.Be3 Qb4 
16.a3 Nd4 17.Qd3 Nxc2+ 18.Rxc2 bxc2 19.axb4 Rxa1+ 20.Kf2 c1=Q 21.Bxc1 Rxc1
22.Qd2 Ra1 23.gxh5 Rxh5 24.Qf4 g6 25.Be2 Rh7 26.Kg2 Bg7 27.Qxd6 Bxc3 28.
bxc3 Ra2 29.Kf3 Rxh4 30.Ke3 Rh3+ 31.Bf3 Rc2 32.Qb8+ Ke7 33.Qe5 Rg2 34.Kf4 
1/2-1/2

[Event "3rd Tournament of Peace"]
[Site "Rovinj/Zagreb YUG"]
[Date "1975.05.06"]
[Round "5"]
[White "Tringov, Georgi"]
[Black "Keene, Raymond Dennis"]
[Result "1-0"]
[WhiteElo "2470"]
[BlackElo "2505"]
[EventDate "1975.05.01"]
[PlyCount "87"]

1.e4 g6 2.d4 d6 3.Nf3 Nf6 4.Nc3 Bg7 5.Be2 O-O 6.O-O c6 7.a4 Qc7 8.a5 e5 9.
dxe5 dxe5 10.Be3 Ng4 11.Bd2 Rd8 12.Qc1 Qe7 13.Bg5 f6 14.Bd2 Qf8 15.Bc4+ 
Kh8 16.h3 Nh6 17.Be3 Nd7 18.Rd1 Re8 19.Qd2 f5 20.Qd6 f4 21.Bc1 Qxd6 22.
Rxd6 Bf8 23.Rd1 b5 24.axb6 Nxb6 25.Ba6 Bxa6 26.Rxa6 Nf7 27.b3 g5 28.Bb2 h5
29.Na4 Nxa4 30.Rxa4 g4 31.hxg4 hxg4 32.Nh2 g3 33.fxg3 fxg3 34.Nf3 Rad8 35.
Rxd8 Rxd8 36.Kf1 Bc5 37.Ke2 Kg8 38.Rc4 Bb6 39.Rxc6 Nd6 40.Ng5 Rf8 41.Rxd6 
Rf2+ 42.Kd3 Rxg2 43.Bxe5 Rg1 44.Rg6+ 1-0

[Event "3rd Tournament of Peace"]
[Site "Rovinj/Zagreb YUG"]
[Date "1975.05.06"]
[Round "5"]
[White "Tseshkovsky, Vitaly"]
[Black "Nikolac, Juraj"]
[Result "1/2-1/2"]
[WhiteElo "2555"]
[BlackElo "2470"]
[EventDate "1975.05.01"]
[PlyCount "154"]

1.e4 e5 2.Nf3 Nc6 3.Bb5 a6 4.Ba4 Nf6 5.O-O Be7 6.Re1 b5 7.Bb3 d6 8.c3 O-O 
9.h3 Nd7 10.d3 Bf6 11.Nbd2 Nc5 12.Bd5 Bb7 13.Nf1 Ne7 14.Bxb7 Nxb7 15.d4 
Ng6 16.Ne3 Re8 17.Ng4 c5 18.d5 Nh4 19.Nd2 c4 20.b3 cxb3 21.axb3 Nc5 22.g3 
Ng6 23.Ba3 Be7 24.h4 Qc7 25.Qf3 Nf8 26.Rec1 a5 27.b4 Ncd7 28.Qe2 Qb7 29.
Nb3 a4 30.Na5 Qa6 31.c4 bxc4 32.Qxc4 Qxc4 33.Nxc4 Reb8 34.Rab1 Rb5 35.Nge3
g6 36.Nd1 Nf6 37.Nc3 Rb7 38.b5 Ne8 39.b6 Nd7 40.Nb5 Nxb6 41.Ncxd6 Nxd6 42.
Nxd6 Rbb8 43.Rc6 Nc8 44.Rxb8 Rxb8 45.Nxc8 Bxa3 46.Nb6 Bb2 47.Nxa4 Bd4 48.
Kf1 f5 49.exf5 gxf5 50.Nc3 Rd8 51.Ne2 Rxd5 52.Rf6 f4 53.gxf4 exf4 54.Rxf4 
Bc5 55.Kg2 Bd6 56.Ra4 Rb5 57.Rd4 Be7 58.Ng3 Rb4 59.Rxb4 Bxb4 60.Kh3 Be1 
61.f3 Kg7 62.Kg4 Kg6 63.h5+ Kg7 64.Ne4 Bb4 65.Kf5 Kh6 66.Nf6 Bc3 67.Nd5 
Bd2 68.Kg4 Bc1 69.f4 Kg7 70.Kg5 Kf7 71.Kf5 Bb2 72.Ne3 Bc1 73.Ng4 Bd2 74.
Kg5 Bc1 75.Ne5+ Kg7 76.Nc4 Kf7 77.Nd6+ Kg7 1/2-1/2

[Event "3rd Tournament of Peace"]
[Site "Rovinj/Zagreb YUG"]
[Date "1975.05.07"]
[Round "6"]
[White "Nikolac, Juraj"]
[Black "Ljubojevic, Ljubomir"]
[Result "1-0"]
[WhiteElo "2470"]
[BlackElo "2615"]
[EventDate "1975.05.01"]
[PlyCount "95"]

1.d4 Nf6 2.c4 e6 3.Nc3 c5 4.d5 exd5 5.cxd5 g6 6.e4 d6 7.Bd3 Bg7 8.Nge2 O-O
9.O-O Re8 10.h3 c4 11.Bc2 Bd7 12.a4 Na6 13.Bg5 Nc5 14.f4 b5 15.Bxf6 Bxf6 
16.axb5 Qb6 17.Kh1 Bxb5 18.Ng3 Bd7 19.Rb1 Rab8 20.Qf3 Rf8 21.Qe2 Nb3 22.
Bxb3 cxb3 23.e5 Rfe8 24.Nce4 dxe5 25.f5 Bg7 26.Qg4 f6 27.d6 Rbc8 28.Qh4 g5
29.Qh5 Rc4 30.Qf3 Qb4 31.Rfe1 Bc6 32.Rbd1 Rd8 33.Re3 Qa4 34.Qe2 Rc2 35.Qg4
Kh8 36.h4 gxh4 37.Nh5 Rg8 38.d7 Bxd7 39.Nd6 Be8 40.Qxa4 Bxh5 41.Rde1 Bh6 
42.Rxb3 Bf4 43.Qe4 Rd2 44.Qc6 Rd8 45.Ne4 Rd1 46.Qxf6+ Kg8 47.Qxd8+ Rxd8 
48.Nf6+ 1-0

[Event "3rd Tournament of Peace"]
[Site "Rovinj/Zagreb YUG"]
[Date "1975.05.07"]
[Round "6"]
[White "Planinc, Albin"]
[Black "Matulovic, Milan"]
[Result "1-0"]
[WhiteElo "2535"]
[BlackElo "2530"]
[EventDate "1975.05.01"]
[PlyCount "154"]

1.e4 c5 2.Nf3 Nc6 3.d4 cxd4 4.Nxd4 Qc7 5.Nc3 e6 6.g3 a6 7.Bg2 Nf6 8.O-O 
Be7 9.Re1 Nxd4 10.Qxd4 Bc5 11.Qd1 d6 12.Be3 e5 13.Qd2 Be6 14.h3 Rc8 15.a3 
O-O 16.f4 Qb6 17.Rab1 Rfd8 18.f5 Bd7 19.Kh2 Bxe3 20.Rxe3 Bc6 21.Rd3 Bb5 
22.Nxb5 Qxb5 23.c3 Qc5 24.Rd1 Rc6 25.g4 h6 26.Bf3 Kf8 27.h4 Ke7 28.g5 hxg5
29.hxg5 Rh8+ 30.Kg3 Nh5+ 31.Bxh5 Rxh5 32.Rd5 Qb6 33.Kg4 Rh8 34.Rxe5+ dxe5 
35.Qd7+ Kf8 36.Qd8+ Qxd8 37.Rxd8+ Ke7 38.Rxh8 Rb6 39.Rh2 Rd6 40.Rh7 Rd2 
41.Rxg7 Kf8 42.f6 Rf2 43.g6 fxg6 44.Rxb7 Rxf6 45.Kg5 Rf4 46.Kxg6 Ke8 47.
Ra7 Rxe4 48.Kf5 Re2 49.b4 Rc2 50.Kxe5 Rxc3 51.Rxa6 Kd7 52.Kd4 Rc1 53.a4 
Kc7 54.Re6 Kb7 55.a5 Rh1 56.b5 Rd1+ 57.Kc5 Rc1+ 58.Kd5 Rd1+ 59.Kc4 Rc1+ 
60.Kd3 Rd1+ 61.Kc2 Ra1 62.a6+ Ka7 63.Re7+ Ka8 64.Kb3 Rb1+ 65.Kc4 Rc1+ 66.
Kd5 Rh1 67.b6 Rd1+ 68.Kc4 Rc1+ 69.Kd3 Rd1+ 70.Ke2 Rd8 71.Ke3 Kb8 72.Ke4 
Ka8 73.Ke5 Rh8 74.Kd6 Rd8+ 75.Ke6 Rh8 76.Kd7 Rb8 77.Re8 Rxe8 1-0

[Event "3rd Tournament of Peace"]
[Site "Rovinj/Zagreb YUG"]
[Date "1975.05.07"]
[Round "6"]
[White "Sax, Gyula"]
[Black "Tseshkovsky, Vitaly"]
[Result "1-0"]
[WhiteElo "2510"]
[BlackElo "2555"]
[EventDate "1975.05.01"]
[PlyCount "181"]

1.d4 g6 2.e4 Bg7 3.Nc3 c6 4.Nf3 d5 5.h3 Nf6 6.e5 Ne4 7.Bd3 Nxc3 8.bxc3 c5 
9.dxc5 Qa5 10.O-O O-O 11.Be3 Qxc3 12.Bd4 Qa5 13.Qe1 Qc7 14.Rb1 Nc6 15.Bc3 
Bd7 16.Qd2 Rad8 17.Rfe1 Bc8 18.Nd4 Bxe5 19.Nxc6 Bxc3 20.Nxe7+ Qxe7 21.Qxc3
Qg5 22.Re5 Qf6 23.Qe1 Qc6 24.Qa5 Be6 25.Qxa7 Ra8 26.Qxb7 Qxc5 27.Qb2 Qd6 
28.Qd4 Rxa2 29.h4 Qd7 30.h5 Ra4 31.Qe3 Rh4 32.Qg3 Rg4 33.Qf3 Rh4 34.Qf6 
Qd8 35.Qxd8 Rxd8 36.hxg6 hxg6 37.Bxg6 Kg7 38.g3 Rh6 39.Bd3 Rdh8 40.Rb4 Kf6
41.Re3 Ke7 42.Kf1 Kd6 43.Ke2 Kc5 44.Rf4 Kd6 45.Kd2 Rc8 46.Re1 Rh2 47.Ke3 
Re8 48.Kd2 Rg8 49.Rg1 Ke5 50.Ke3 Rd8 51.Kf3 Rdh8 52.Re1+ Kd6 53.Ra1 Rb8 
54.Ra6+ Ke7 55.Rfa4 Rb1 56.Ra7+ Kf6 57.Rf4+ Ke5 58.Ra6 Re1 59.Rb6 Rh6 60.
Rxf7 Bg4+ 61.Kxg4 Rxb6 62.Kg5 Rg1 63.g4 Rb4 64.f4+ Ke6 65.Rf6+ Ke7 66.Rh6 
Rg2 67.Rh4 Ke6 68.Rh1 Rf2 69.f5+ Kf7 70.Rh7+ Kg8 71.f6 Rbf4 72.Rh6 R2f3 
73.Bh7+ Kf8 74.Bf5 Rxf5+ 75.gxf5 d4 76.Rh8+ Kf7 77.Rh7+ Kf8 78.f7 Ke7 79.
f8=Q+ Kxf8 80.Kf6 Kg8 81.Rg7+ Kh8 82.Rg2 d3 83.c4 Kh7 84.c5 Rf1 85.Rg7+ 
Kh8 86.Rd7 Rc1 87.Ke6 Rxc5 88.f6 Rc1 89.Rxd3 Kh7 90.Rh3+ Kg6 91.Rg3+ 1-0